| 000 | 02762cam a2200313 a 4500 | ||
|---|---|---|---|
| 999 |
_c1422 _d1422 |
||
| 001 | 556774 | ||
| 003 | CoMeUDC | ||
| 005 | 20210903152125.0 | ||
| 008 | 931007s1993 sp r 00010dspa d | ||
| 020 | _a9580424942 | ||
| 040 |
_ala _cla |
||
| 041 | 1 |
_aspa _hpor |
|
| 082 | 0 | 4 |
_a158.1 _bS556c |
| 100 | 1 | _aShinyashiki, Roberto. | |
| 245 | 1 | 3 |
_aLa caricia esencial : _buna psicología del afecto / _cRoberto Shinyashiki ; traducción, Consuelo de Santamaría. |
| 260 |
_aBarcelona : _bGrupo Editorial Norma, _c1993. |
||
| 300 |
_a148 p. ; _c23 cm. |
||
| 440 | 0 | _aAutoayuda. | |
| 500 | _aMás de 2.000.000 de ejemplares vendidos en el Brasil. | ||
| 504 | _aIncluye bibliografía. | ||
| 505 | _aIntroducción, 1 -- Una historia de caricias, 7 -- Los adultos están llegando, 13 -- Hambres, 16 -- Caricias, 21 -- ¿Qué hacía usted?, 25 -- Abajo la economía de caricias, 27 -- Mitos de la economía de caricias, 32 -- Factores sociales de la economía, 34 -- Caricias positivas, 36 -- Caricias negativas, 37 -- Conversación trivial, 38 -- Caricias de plástico, 39 -- Caricias adecuadas, 40 -- Ser versus hacer, 42 -- la domesticación del hombre, 43 -- El pequeño chantajista, 45 -- Críticas para educar, 48 -- Crear abundancia de caricias, 50 -- Jugar a "ladrones y policías", 52 -- Disfraces, 55 -- ¿Cuáles son sus creencias?, 58 -- Filtro de caricias, 59 -- Patrón de caricias, 60 -- La estructuración del tiempo, 62 -- Todos los días ella hace todo siempre igual, 67 -- Caricias argumentales, 70 -- No me venga con indirectas, 75 -- Batería de caricias, 78 -- Cortocircuito en la batería de caricias, 82 -- Cantidad mínima de caricias para sobrevivir, 84 -- Huelga de caricias, 85 -- Pedir caricias, 91 -- Las personas diferentes necesitan caricias diferentes, 93 -- Señor o esclavo de sí mismo, 96 -- Realmente, yo no soy como era antiguamente, 98 -- Aceptación, 99 -- Problemas que persisten, 101 -- Nuestras dificultades, 103 -- Libertad, 106 -- Rechazo de caricias, 107 -- No hacer caricias, 109 -- ¿Será que él ya no me ama?, 111 -- Venganzas, 113 -- Si no te portas bien, el coco te llevará, 115 -- Caricias específicas, 117 -- Las figuritas de la vida, 118 -- Símbolos de amor, 121 -- Nido, 124 -- Permisos y prohibiciones, 126 -- Autocaricias, 128 -- Los mensajes para recibir caricias (camisetas), 133 -- Cambiar las autocaricias, 137 -- Cambio, 141 -- Nuestro mayor regalo, 144 -- Agradecimientos, 145 -- El autor, 146 -- referencias bibliográficas, 147 | ||
| 534 |
_pTt̕ulo original. _tA carc̕ia essencial. |
||
| 650 | _aEmociones. | ||
| 650 | 0 |
_aAutoayuda _91714 |
|
| 650 | 0 |
_aConducta _91816 _xPsicología |
|
| 700 |
_aSantamaría, Consuelo de _eTraductor _91817 |
||
| 942 |
_2ddc _cBK |
||
| 949 |
_an _bn |
||